banner-ar

SATELLITE BROADCASTING: THE POLITICS AND IMPLICATIONS OF THE NEW MEDIA / (Record no. 14150)

MARC details
000 -الفاتح
حقل البيانات ثابتة الطول 00518nam a2200181Ia 4500
008 - عناصر البيانات ثابتة الطول - معلومات عامة
حقل البيانات ثابتة الطول 140319s9999 xx 000 0 eng d
040 ## - مصدر الفهرسة
وكالة الفهرسة الأصلية GCL /
وكالة النسخ GCL
082 04 - رقم تصنيف ديوى العشرى
رقم التصنيف 384.554
رقم المادة N S
100 1# - المدخل الرئيسى - إسم شخصى
الإسم الشخصى NEGRINE, RALPH
245 10 - بيان العنوان
العنوان SATELLITE BROADCASTING: THE POLITICS AND IMPLICATIONS OF THE NEW MEDIA /
بيان المسئوليه,etc NEGRINE, RALPH
260 ## - PUBLICATION, DISTRIBUTION, ETC. (IMPRINT)
تاريخ النشر أو التوزيع 1988
300 ## - الوصف المادى
التعداد 276 P
650 04 - المدخل الاضافى بالموضوع-مصطلح موضوعى
مصطلح موضوعي TELECOMMUNICATION
650 04 - المدخل الاضافى بالموضوع-مصطلح موضوعى
مصطلح موضوعي DIRECT BROADCAST SATELLITE T.V
650 04 - المدخل الاضافى بالموضوع-مصطلح موضوعى
مصطلح موضوعي TELEVISION
942 ## - عناصر المدخل الإضافي( كوها)
مصدر التصنيف او مخطط الترفيف Dewey Decimal Classification
Koha [default] item type كتاب
260 ## - PUBLICATION, DISTRIBUTION, ETC. (IMPRINT)
-- [S.N] :
-- ROUTLEDGE ،
Holdings
حالة التراجع حالة الفقد حالة تلف ليس للاعارة المكان المؤقت الموقع الحالى تاريخ الاكتساب اجمالي اﻻعارات رقم الطلب الباركود تاريخ اخر مشاهدة تاريخ تفعيل السعر نوع وعاء كوها
        مكتبة القاهرة الكبرى مكتبة القاهرة الكبرى 03/26/2014   384.554\N S 26634 03/26/2014 03/26/2014 كتاب

Powered By

EGPV